Statystyki dla Jakie zachowanie cię denerwuje

Kliknij tutaj aby rozwiązać quiz!

Ogólne statystyki

  • Ten quiz został rozwiązany 9 razy
  • Średni wynik to 2 z 9

Statystyki odpowiedzi

Odpowiedź% Poprawnych
Bekanie
57%
Mlaskanie
43%
Puszczanie bąków
43%
Dłubanie w nosie
29%
Przeklinanie
14%
Głośny śmiech
0%
Plucie w miejscu publicznym
0%
Ziewanie
0%
Żucie gumy | (z otwartą buzią)
0%

Rozkład punktacji

Percentyl według liczby udzielonych odpowiedzi

Procent ludzi z każdym wynikiem

Twoja historia wyników

Nie rozwiązałeś tego quizu